LEADER 02600nam 2200577 450 001 9910798196003321 005 20170919054214.0 010 $a1-4422-5684-2 035 $a(CKB)3710000000585277 035 $a(EBL)4385466 035 $a(SSID)ssj0001601269 035 $a(PQKBManifestationID)16309637 035 $a(PQKBTitleCode)TC0001601269 035 $a(PQKBWorkID)14893777 035 $a(PQKB)10844264 035 $a(PQKBManifestationID)16314161 035 $a(PQKB)21381916 035 $a(MiAaPQ)EBC4385466 035 $a(DLC) 2015044210 035 $a(EXLCZ)993710000000585277 100 $a20160211h20162016 uy 0 101 0 $aeng 135 $aur|n|---||||| 181 $ctxt 182 $cc 183 $acr 200 10$aAmerica's national park system $ethe critical documents /$fLary M. Dilsaver 205 $a2nd ed. 210 1$aLanham, Maryland :$cRowman & Littlefield,$d2016. 210 4$d©2016 215 $a1 online resource (507 p.) 300 $aIncludes index. 311 $a1-4422-5683-4 311 $a1-4422-5682-6 327 $aContents; Foreword; Introduction to the Second Edition; Chapter One. The Early Years: 1864-1918; Chapter Two. Defining the System: 1919-1932; Chapter Three. The New Deal Years: 1933-1941; Chapter Four. The Poverty Years: 1942-1956; Chapter Five. Questions of Resource Management: 1957-1963; Chapter Six. The Ecological Revolution: 1964-1969; Chapter Seven. Transformation and Expansion: 1970-1980; Chapter Eight. A System Threatened: 1981-1996; Chapter Nine. Toward a Second Century: 1997-2015; Appendix A. Summaries of Lengthy Documents; Appendix B. Significant Court Rulings and Opinion; Index 327 $aAbout the Editor 330 $aNow in a fully updated edition, this invaluable reference work is a fundamental resource for scholars, students, conservationists, and citizens interested in America's national park system. The extensive collection of documents illustrates the system's creation, development, and management. 606 $aNational parks and reserves$zUnited States$xHistory$vSources 606 $aNational parks and reserves$xLaw and legislation$zUnited States 615 0$aNational parks and reserves$xHistory 615 0$aNational parks and reserves$xLaw and legislation 676 $a333.78/30973 700 $aDilsaver$b Lary M.$01538067 702 $aDilsaver$b Lary M. 801 0$bMiAaPQ 801 1$bMiAaPQ 801 2$bMiAaPQ 906 $aBOOK 912 $a9910798196003321 996 $aAmerica's national park system$93787807 997 $aUNINA LEADER 03114oam 22005654a 450 001 996379045103316 005 20240424225716.0 010 $a90-485-3262-0 024 7 $a10.1515/9789048532629 035 $a(CKB)3710000000978795 035 $a(MiAaPQ)EBC4772322 035 $a(OCoLC)1162989159 035 $a(MdBmJHUP)muse76640 035 $a(DE-B1597)502839 035 $a(OCoLC)967566837 035 $a(DE-B1597)9789048532629 035 $a(oapen)https://directory.doabooks.org/handle/20.500.12854/39632 035 $a(PPN)198384262 035 $a(EXLCZ)993710000000978795 100 $a20160307h20172017 uy 0 101 0 $aeng 135 $aurmn#|||||||| 181 $2rdacontent 182 $2rdamedia 183 $2rdacarrier 200 14$aThe Art of Neighbouring$fedited by Martin Saxer and Juan Zhang 210 $cAmsterdam University Press$d2017 210 1$aAmsterdam :$cAmsterdam University Press,$d[2016] 210 4$d©2017 215 $a1 online resource (269 pages) $cillustrations, maps 225 1 $aAsian borderlands ;$v2 311 $a94-6298-258-9 320 $aIncludes bibliographical references (pages 241-261) and index. 327 $tFrontmatter --$tContents --$tChapters and Locations --$tForeword and Acknowledgements --$tIntroduction /$rZhang, Juan / Saxer, Martin --$tSection 1. Borderworlds --$t1. Bright Lights across the River /$rBillé, Franck --$t2. Realms of Free Trade, Enclaves of Order /$rNyíri, Pál --$t3. New Roads, Old Trades /$rSaxer, Martin --$tSection 2. Neighbouring beyond Proximity --$t4. Trading on Change /$rAlff, Henryk --$t5. A World Community of Neighbours in the Making /$rBulag, Uradyn E. --$t6. The Mobile and the Material in the Himalayan Borderlands /$rHarris, Tina --$tSection 3. Agonistic Intensities --$t7. Odd Neighbours /$rVasantkumar, Chris --$t8. 'China is Paradise' /$rEgreteau, Renaud --$t9. Neighbouring in Anxiety along the China-Vietnam Border /$rZhang, Juan --$t10. China's Animal Neighbours /$rFiskesjö, Magnus --$tAbout the Authors --$tBibliography --$tIndex 330 $aFor the nations on its borders, the rapid rise of China represents an opportunity-but it also brings worry, especially in areas that have long been disputed territories of contact and exchange. This book gathers contributors from a range of disciplines to look at how people in those areas are actively engaging in making relationships across the border, and how those interactions are shaping life in the region-and in the process helping to reconfigure the cultural and political landscape of post-Cold War Asia. 410 0$aAsian borderlands ;$v2. 606 $aBorderlands$zChina 607 $aChina$xForeign relations 610 $aBorders, Asia, China, Anthropology. 615 0$aBorderlands 676 $a327.51 700 $aZhang$b Juan$4edt$01354825 702 $aZhang$b Juan$c(Lecturer in sociology), 702 $aSaxer$b Martin$f1971- 801 0$bMdBmJHUP 801 1$bMdBmJHUP 906 $aBOOK 912 $a996379045103316 996 $aThe Art of Neighbouring$93358395 997 $aUNISA